Tabuada do 1 ao 10 - Statistics

Estatísticas Gerais
  • Esse quiz foi jogado 80 vezes
  • A pontuação média é 76 de 100
Estatísticas das Respostas
Conta Produto % Correto
10x2 20
85%
5x1 5
85%
3x5 15
83%
7x4 28
83%
3x10 30
83%
1x5 5
83%
4x3 12
81%
2x9 18
81%
2x3 6
81%
3x2 6
81%
8X10 80
81%
7x2 14
80%
9x4 36
80%
4x1 4
80%
2x2 4
80%
1x6 6
80%
7x1 7
80%
4x2 8
80%
8X1 8
80%
1x8 8
80%
9x1 9
80%
2x5 10
78%
1x10 10
78%
10x1 10
78%
5x2 10
78%
6x2 12
78%
7x3 21
78%
5x5 25
78%
9x3 27
78%
4x10 40
78%
10x5 50
78%
10x6 60
78%
6x10 60
78%
7x9 63
78%
7x10 70
78%
9x8 72
78%
2x4 8
78%
3x3 9
78%
5x3 15
76%
2x8 16
76%
6x3 18
76%
3x6 18
76%
2x10 20
76%
5x4 20
76%
3x1 3
76%
6x5 30
76%
10x3 30
76%
7x5 35
76%
5x7 35
76%
1x4 4
76%
8X5 40
76%
9x5 45
76%
9x6 54
76%
6x1 6
76%
1x7 7
76%
1x9 9
76%
9x10 90
76%
10x9 90
76%
1x1 1
74%
2x6 12
74%
9x2 18
74%
2x1 2
74%
4x5 20
74%
3x8 24
74%
1x3 3
74%
5x6 30
74%
4x9 36
74%
6x6 36
74%
8X6 48
74%
7x7 49
74%
5x10 50
74%
8X7 56
74%
10x7 70
74%
10x8 80
74%
10x10 100
72%
2x7 14
72%
4x4 16
72%
6x4 24
72%
3x9 27
72%
4x7 28
72%
4x8 32
72%
5x8 40
72%
8X8 64
72%
8X9 72
72%
8X2 16
70%
1x2 2
70%
8X3 24
70%
4x6 24
70%
8X4 32
70%
5x9 45
70%
7x8 56
70%
9x9 81
70%
3x4 12
69%
3x7 21
69%
10x4 40
69%
6x7 42
69%
7x6 42
67%
9x7 63
67%
6x8 48
65%
6x9 54
61%
Nenhum quiz correspondente encontrado
Distribuição das Pontuações
Porcentagem de Pessoas com Cada Pontuação
Percentil de Números Respondidos
Sua Pontuação Histórica
Você não jogou esse quiz